| 000 | 01225cam a2200325 i 4500 | ||
|---|---|---|---|
| 001 | 70039 | ||
| 003 | Mx-PuUPA | ||
| 005 | 20230602142239.0 | ||
| 008 | 230602s2013 mx d|||gr|||| 00| 0 spa d | ||
| 020 |
_a9786070213359 _qcolección |
||
| 020 |
_a9786070221316 _qunam |
||
| 020 |
_a9788499690025 _qdíaz de santos |
||
| 040 |
_aMx-PuUPA _bspa _cMx-PuUPA _dMx-PuUPA _erda |
||
| 041 | 0 | _aspa | |
| 245 | 1 | 0 |
_aMiradas históricas de la educación y de la pedagogía / _cClara Isabel Carpy, coordinadora |
| 250 | _aSegunda edición | ||
| 264 | 1 |
_aMéxico, D.F. : _bUniversidad Nacional Autonóma de México, _bEdiciones Diaz de Santos, _c2013 |
|
| 300 |
_a305 páginas : _bgráficas, tablas ; _c22 cm |
||
| 336 |
_2rdacontent _atexto _btxt |
||
| 337 |
_2rdamedia _asin medio _bn |
||
| 338 |
_2rdacarrier _avolumen _bnc |
||
| 490 | 0 | _aColección Estudios. Posgrado en Pedagogía. UNAM | |
| 650 | 7 |
_2armarc _aEducación _xHistoria |
|
| 650 | 7 |
_2armarc _aPedagogía _xHistoria |
|
| 700 | 1 |
_aCarpy, Clara Isabel, _ecoordinador _914236 |
|
| 942 |
_2ddc _cLI _h370.9 _iM6715 |
||
| 999 |
_c70039 _d70039 |
||